Random US City Map Quiz - Statistics

General Stats
  • This quiz has been taken 563 times
  • The average score is 9 of 10
Answers on the Map
Answers color-coded by a green-red scale on the quiz's map according to % correct below.
 
Answer Stats
Answer % Correct
Albuquerque
100%
Atlanta
100%
Boise
100%
Buffalo
100%
Chicago
100%
Denver
100%
Kansas City
100%
Las Vegas
100%
Philadelphia
100%
Portland
100%
Detroit
97%
Jacksonville
97%
Minneapolis
97%
Nashville
97%
New York
97%
Phoenix
97%
Salt Lake City
97%
San Diego
97%
Seattle
97%
Virginia Beach
97%
Anchorage
96%
Baltimore
96%
Boston
96%
Charlotte
96%
El Paso
96%
Honolulu
96%
Houston
96%
Indianapolis
96%
Los Angeles
96%
Milwaukee
96%
San Jose
96%
St. Louis
96%
Tallahassee
96%
Dallas
95%
San Francisco
95%
Fort Wayne
94%
Omaha
94%
Orlando
94%
Washington
94%
Baton Rouge
93%
Richmond
93%
Sacramento
93%
Tampa
93%
Cleveland
92%
Colorado Springs
92%
Miami
92%
Tucson
92%
Austin
91%
Des Moines
91%
San Antonio
91%
Hartford
90%
Birmingham
88%
Cincinnati
88%
Grand Rapids
88%
Little Rock
88%
Providence
88%
Mobile
86%
Sioux Falls
86%
Charleston
85%
Oklahoma City
85%
Pittsburgh
85%
Spokane
85%
Columbus
84%
Greensboro
84%
Louisville
84%
New Orleans
84%
Wichita
84%
Columbia
83%
Lexington
83%
Memphis
83%
Raleigh
83%
Tulsa
83%
Fresno
82%
Lincoln
82%
Reno
81%
Rochester
81%
Corpus Christi
79%
Bakersfield
76%
Riverside
74%
Toledo
64%
No matching quizzes found
Score Distribution
Percent of People with Each Score
Percentile by Number Answered
Your Score History
You have not taken this quiz